Public and private housing in Malaysia /
| Format: | Book |
|---|---|
| Published: |
Kuala Lumpur:
Heinemann Educational Books (Asia) Ltd,
1979.
|
| Subjects: |
| LEADER | 00509cam a2200169 7i4500 | ||
|---|---|---|---|
| 001 | 0000055584 | ||
| 005 | 20151104090000.0 | ||
| 005 | ##20151104173900.0 | ||
| 002 | ##000002536 | ||
| 003 | ##MY-KlINT | ||
| 008 | 151104 00010 eng | ||
| 039 | # | 9 | |y 201511041739 |z VLOAD |
| 090 | 0 | 0 | |a 363.5595 PUB |
| 245 | 0 | 0 | |a Public and private housing in Malaysia / |c edited by Tan Soo Hai and Hamzah Sendut. |
| 260 | # | # | |a Kuala Lumpur: |b Heinemann Educational Books (Asia) Ltd, |c 1979. |
| 300 | # | # | |a 308 p; |c 26cm. |
| 650 | # | 0 | |a Housin -- |z Malaysia |